| 000 | 00728nam a22001937a 4500 | ||
|---|---|---|---|
| 003 | 0 | ||
| 005 | 20250219161203.0 | ||
| 008 | 250219b xxu||||| |||| 00| 0 eng d | ||
| 050 |
_aHF 5686 _b.L39 2023 |
||
| 100 | _aLawagan, Hazel D. | ||
| 245 |
_aEffectiveness of inventory management on reducing inventory inefficiencies of selected mses through traditional asset tagging. _cHazel D. Lawagan |
||
| 260 |
_aLas Pinas City _bSouthville International School and Colleges _c2023 |
||
| 300 |
_ax, 109 pages; _c28cm. |
||
| 500 | _aBachelor of Science in Accountancy. | ||
| 504 | _aIncludes bibliographical references and appendices. | ||
| 650 | _aInventory control. | ||
| 650 | _aSmall business—Management. | ||
| 942 |
_2lcc _cTH |
||
| 999 |
_c367252 _d367252 |
||